00697nam a22002297a 450000500170000001000130001702000230003003500130005303700160006604000120008208200160009410000180011024501380012826000440026627000240031030000200033449000210035450000190037565000200039465000340041470000190044820170124105917.0 aA-351823 c160.00a8185176214 aA-351823 bCen Lib/Ret aDPLbEN a020.16bTEJ aTejomurty, A. aThirtythree years of annals of library science and documentation :cby A. Tejomurty [and] K. H. Shuklabcamulative index, 1954-1986 / aRajisthanbR. B. S. A. Publishersc1988 bJaipuraSMS Highway a187p.c22cm(Hb) aIATLIS seriesv4 aIncludes index aLibrary Science aDocumentation-Library Science aShukla, K. H.